| 000 | 00000nam 2200000zi 4500 |
| 001 | 9.955300 |
| 003 | CaOODSP |
| 005 | 20250915081825 |
| 006 | m o d f |
| 007 | cr cn||||||||| |
| 008 | 250915e20250404onc ob f000 0 eng d |
| 040 | |aCaOODSP|beng|erda|cCaOODSP |
| 043 | |an-cn--- |
| 086 | 1 |aRv55-8/19-12-1-2025E-PDF |
| 245 | 00|aImporting vehicles into Canada. |
| 250 | |a[April 4, 2025 edition]. |
| 264 | 1|aOttawa : |b[Canada Border Services Agency = Agence des services frontaliers du Canada], |cApril 4, 2025. |
| 300 | |a1 online resource (21 unnumbered pages). |
| 336 | |atext|btxt|2rdacontent |
| 337 | |acomputer|bc|2rdamedia |
| 338 | |aonline resource|bcr|2rdacarrier |
| 490 | 1 |aMemorandum, |x2369-2391 ; |vD19-12-1 |
| 500 | |aCaption title. |
| 500 | |aIssued also in French under title: Importation de véhicules. |
| 500 | |a"Superseded memoranda D Memorandum D19-12-1: Importation of vehicles." |
| 504 | |aIncludes bibliographical references. |
| 520 | |a"Importing cars and other vehicles temporarily; Cars and other vehicles that cannot be imported in Canada; How and what to register in the Registrar of Importer Vehicles Program; Qualifying for parts-only program; Processes to follow before and after you cross the border"--Key content, page [1]. |
| 650 | 0|aMotor vehicles|xLaw and legislation|zCanada. |
| 650 | 0|aImports|xLaw and legislation|zCanada. |
| 710 | 2 |aCanada Border Services Agency, |eissuing body. |
| 775 | 08|tImportation de véhicules.|w(CaOODSP)9.955301 |
| 795 | |tImportation of vehicles.|b[May 20, 2022 edition]|w(CaOODSP)9.925660 |
| 830 | #0|aMemorandum (Canada Border Services Agency)|x2369-2391 ; |vD19-12-1.|w(CaOODSP)9.816825 |
| 856 | 40|qPDF|s568 KB|uhttps://publications.gc.ca/collections/collection_2025/asfc-cbsa/Rv55-8-19-12-1-2025-eng.pdf |
| 856 | 4 |qHTML|sN/A|uhttps://www.cbsa-asfc.gc.ca/publications/dm-md/d19/d19-12-1-eng.html |